000 00751 a2200229 4500
001 TB12281
003 IN-BhIIT
005 20250809162723.0
008 250328b |||||||| |||| 00| 0 eng d
020 _a9789355519924 (pbk.)
040 _aIN-BhIIT
041 _aeng
082 _a005.1
_bCHI/D
100 _aChintale, Pradeep
_eAuthor
_925899
245 _aDevOps design patterns :
_bimplementing devops best practices for secure and realiable CI/CD pipeline /
_cby Pradeep Chintale.
260 _aNew Delhi :
_bBPB Publications,
_c2024.
300 _axx, 298 p. :
_bill. ;
_c24 cm
504 _aIncludes bibliographical references and index.
650 _aProgramming 
_97902
650 _aSystems Analysis And Design
_925900
942 _cTB
_01
999 _c14777
_d14777